Statistics for NBA Player’s Name Randomized

Click here to take the quiz!

General Stats

  • This quiz has been taken 44 times
  • The average score is 4 of 5

Answer Stats

HintAnswer% Correct
Ndrwea igwginsAndrew Wiggins
95%
Shtepne YurcrStephen Curry
95%
Serslu EtsbrokoRussel Westbrook
76%
Ajmse RdahneJames Harden
71%
Ruisda LgrandaDarius Garland
24%

Score Distribution

Percentile by Number Answered

Percent of People with Each Score

Your Score History

You have not taken this quiz